| 000 | 01280cam a22003014a 4500 | ||
|---|---|---|---|
| 005 | 20250703122417.0 | ||
| 008 | 040615s2005 nyu 001 0 eng | ||
| 020 | _a0399530630 | ||
| 040 | _cNone | ||
| 082 | 0 | 0 | _a650.12082 WIL |
| 100 | 1 |
_aWilliams, Nicole, _914421 |
|
| 245 | 1 | 0 |
_aEarn what you're worth / _cNicole Williams with Cheri Hanson. |
| 250 | _aPerigee trade paperback ed. | ||
| 260 |
_aNew York : _bPerigee Books, _cc2005. |
||
| 300 |
_axiv, 192 p. ; _c23 cm. |
||
| 500 | _aIncludes index. | ||
| 650 | 0 |
_aWages _xWomen. _914422 |
|
| 650 | 0 |
_aWealth _xPsychological aspects. _914423 |
|
| 650 | 0 |
_aAchievement motivation in women. _914424 |
|
| 650 | 0 |
_aSuccess _xPsychological aspects. _914425 |
|
| 650 | 0 |
_aBusinesswomen _zUnited States _vInterviews. _914426 |
|
| 650 | 0 |
_aWomen in the professions _zUnited States _vInterviews. _914427 |
|
| 856 | 4 | 2 |
_3Contributor biographical information _uhttp://www.loc.gov/catdir/enhancements/fy0717/2004053362-b.html |
| 856 | 4 | 2 |
_3Publisher description _uhttp://www.loc.gov/catdir/enhancements/fy0717/2004053362-d.html |
| 942 |
_2ddc _cBOOK |
||
| 999 |
_c6285 _d6285 |
||